000 00765nam a2200253Ia 4500
001 Para_382
003 CHAP
008 220125s1926 xx 000 0 und d
010 _a199137
040 _cCHAP
090 _aPA FOLLETO 2761
100 _aAbbott, W.S.
_9168
245 _aEffectiveness against the San Jose scale of the dry substitutes for liquid lime-sulphur /
_c by W.S. Abbott, Julian J. Culver and W.J. Morgan
260 _aWashington,D.C. :
_b Department of agriculture, 1926
300 _a27 p.
410 _aEUA. Dep. of agric. Bulletin; 1371)
901 _aPA FOLLETO 2761
902 _aA
905 _a0000001926 0000000000 00
910 _a1926
942 _cPARA
942 _cPARA
_d1
999 _c199137
_d199137